000 01342nam a22003137a 4500
003 DO-SdBNP
005 20180307105744.0
008 160505b 2014 dr a | 00| 0 spa d
020 _a9789945190168 (libro)
020 _a9789945190434 (1er. trimestre)
020 _a9789945190441 (2do. trimestre)
020 _a9789945190458 (3er. trimestre)
040 _aBPMSU
_bspa
_cBPMSU
082 4 _axxx
_bxxx
100 1 _aSosa, Olga
245 1 0 _aEntre amigos 3 :
_beducación inicial, versión script /
_cOlga Sosa ; dirección editorial Claudia Llibre ; ilustración Ruddy Núñez...[et al].
_pVersión script
260 _aSanto Domingo :
_bSantillana,
_c2014.
300 _a186 p. :
_bil. ;
_c21 cm.
_e+ CD-ROOM, 3 libros de grafomotricidad
490 0 _a Proyecto todos juntos
_v3 años
500 _aIncluye guía didáctica y recursos didácticos para el profesorado.
500 _aIncluye libros de grafomotricidad, aprendo matemáticas y lectoescritura.
500 _aEste libro ha sido realizado de conformidad con el currículum vigente y ha sido sometido a la aprobación de la MINERD.
700 1 2 _aNúñez, Ruddy,
_eil.
700 1 2 _aLlibre, Claudia,
_edir. ed.
830 0 _p3 años
_a Proyecto todos juntos
942 _2ddc
_cBK
945 _aInventariado, 2018/ YL
956 _aLOPEREZ
_b10
_cBPMSU
999 _c10005
_d10005